El ideal del sabio en las escuelas helenísticas / (Record no. 182817)

MARC details
000 -LEADER
campo de control de longitud fija 00859nam a2200229 i 4500
001 - NÚMERO DE CONTROL
campo de control 182817
003 - IDENTIFICADOR DE NÚMERO DE CONTROL
campo de control ES-MaACL
005 - FECHA Y HORA DE LA ÚLTIMA TRANSACCIÓN
campo de control 20250829062536.0
008 - DATOS DE LONGITUD FIJA--INFORMACIÓN GENERAL
campo de control de longitud fija 131106s1987 sp | |||| ||spa d
080 ## - NÚMERO DE LA CLASIFICACIÓN DECIMAL UNIVERSAL
Número de la Clasificación Decimal Universal 1(38)"-03/+00"
100 1# - ENTRADA PRINCIPAL--NOMBRE DE PERSONA
Nombre de persona Medina González, Alberto.
9 (RLIN) 79739
245 13 - MENCIÓN DEL TÍTULO
Título El ideal del sabio en las escuelas helenísticas /
Mención de responsabilidad, etc. Alberto Medina González.
260 ## - PUBLICACIÓN, DISTRIBUCIÓN, ETC.
Lugar de publicación, distribución, etc. Ávila :
Nombre del editor, distribuidor, etc. Fundación Pública Santa Teresa :
-- UNED, Centro Asociado en Ávila,
Fecha de publicación, distribución, etc. [1987?]
300 ## - DESCRIPCIÓN FÍSICA
Extensión 30 p. :
Otras características físicas il. ;
Dimensiones 24 cm.
490 1# - MENCIÓN DE SERIE
Mención de serie Boletín universitario ;
Designación de volumen o secuencia 6
650 #7 - PUNTO DE ACCESO ADICIONAL DE MATERIA--TÉRMINO DE MATERIA
Término de materia o nombre geográfico como elemento de entrada Filosofía helenística
Fuente del encabezamiento o término embne
9 (RLIN) 12852
650 #4 - PUNTO DE ACCESO ADICIONAL DE MATERIA--TÉRMINO DE MATERIA
Término de materia o nombre geográfico como elemento de entrada Saber y erudicción.
9 (RLIN) 153788
710 2# - ENTRADA AGREGADA--NOMBRE DE ENTIDAD CORPORATIVA
Nombre de entidad corporativa o nombre de jurisdicción como elemento de entrada Universidad Nacional de Educación a Distancia (España)
9 (RLIN) 7405
830 1# - PUNTO DE ACCESO ADICIONAL DE SERIE-TÍTULO UNIFORME
Título uniforme Boletín universitario ;
Designación de volumen o secuencia 6
9 (RLIN) 224898
852 ## - LOCALIZACIÓN
Ubicación ES-MaACL
Número de control de estantería 2329-F-29
Holdings
Estatus retirado Estado de pérdida Estado de daño No para préstamo Colección Biblioteca de origen Biblioteca actual Ubicación en estantería Fecha de adquisición Fuente de adquisición Total de préstamos Signatura topográfica completa Código de barras Visto por última vez Precio de reemplazo Tipo de ítem Koha
        Colección de folletos Biblioteca del Ateneo de Madrid Biblioteca del Ateneo de Madrid Depósito folletos 06/11/2013     2329-F-29 1192133 23/02/2023 23/02/2023 Folleto